Prezydenci Szczecina - Statystyki

Ogólne statystyki
  • Ten quiz został rozwiązany 10 razy
  • Średni wynik to 5 z 10
Statystyki odpowiedzi
Hint Odpowiedź % Poprawnych
2006-dziś Piotr Krzystek
88%
1994-1998 Bartłomiej Sochański
75%
1998-2000 Marian Jurczyk
75%
2002-2006 Marian Jurczyk
75%
1973-1984 Jan Stopyra
50%
2001-2002 Edmund Runowicz
38%
1990-1991 Jan Czesław Bielecki
25%
2000-2001 Marek Koćmiel
25%
1984-1990 Ryszard Rotkiewicz
13%
1991-1994 Władysław Lisewski
13%
Nie znaleziono quizów pasujących do podanych kryteriów
Rozkład punktacji
Procent ludzi z każdym wynikiem
Percentyl według liczby udzielonych odpowiedzi
Twoja historia wyników
Nie rozwiązałeś tego quizu